书目信息 |
| 题名: |
幼学笑话百个
|
|
| 作者: | 国青 , 默然 编写 | |
| 分册: | ||
| 出版信息: | 太原 山西人民出版社 1982 |
|
| 页数: | 123页 | |
| 开本: | 19cm | |
| 丛书名: | 父母必备丛书 | |
| 单 册: | ||
| 中图分类: | I287.7 , I28 | |
| 科图分类: | ||
| 主题词: | 笑话--中国--现代 | |
| 电子资源: | ||
| ISBN: | ||
| 000 | 00715nam2 2200277 45 | |
| 001 | 1571919677 | |
| 005 | 20150129110807.06 | |
| 010 | @dCNY0.33 | |
| 091 | @aCN@bR10088.809 | |
| 100 | @a19950415d1982 em y0chiy0121 ea | |
| 101 | 0 | @achi |
| 102 | @aCN@b140000 | |
| 105 | @ay z 000zy | |
| 200 | 10 | @a幼学笑话百个@Ayou xue xiao hua bai ge@f国青,默然编写 |
| 210 | @a太原@c山西人民出版社@d1982 | |
| 215 | @a123页@d19cm | |
| 225 | 2 | @a父母必备丛书 |
| 410 | 0 | @120010@a父母必备丛书 |
| 606 | @a笑话@y中国@z现代 | |
| 690 | @aI287.7@v3 | |
| 690 | @aI28@v4 | |
| 701 | 0 | @a国青@Aguo qing@4编写 |
| 701 | 0 | @a默然@Amo ran@4编写 |
| 801 | 0 | @aCN@bTSSF@c20150129 |
| 801 | 2 | @aCN@bNLC |
| 905 | @aZUCC@dI28@eJY23 | |
| 幼学笑话百个/国青,默然编写.-太原:山西人民出版社,1982 |
| 123页;19cm.-(父母必备丛书) |
| ISBN :CNY0.33 |
| ● |
| 相关链接 |
|
|
|
|
正题名:幼学笑话百个
索取号:I28/JY23
 
预约/预借
| 序号 | 登录号 | 条形码 | 馆藏地/架位号 | 状态 | 备注 |
| 1 | 7842560 | 278425606 | 学院路分馆/ [索取号:I28/JY23] | 在馆 | |
| 2 | 7842561 | 278425615 | 学院路分馆/ [索取号:I28/JY23] | 在馆 | |
| 3 | 7863895 | 278638958 | 学院路分馆/ [索取号:I28/JY23] | 在馆 | |
| 4 | 7863896 | 278638967 | 学院路分馆/ [索取号:I28/JY23] | 在馆 | |
| 5 | 7863897 | 278638976 | 学院路分馆/ [索取号:I28/JY23] | 在馆 | |
| 6 | 7863898 | 278638985 | 学院路分馆/ [索取号:I28/JY23] | 在馆 |